John Muir and his legacy : (Record no. 1268)

MARC details
000 -LEADER
fixed length control field 00877pam a2200277 a 4500
005 - DATE AND TIME OF LATEST TRANSACTION
control field 20260322212053.0
008 - FIXED-LENGTH DATA ELEMENTS--GENERAL INFORMATION
fixed length control field data
010 ## - LIBRARY OF CONGRESS CONTROL NUMBER
LC control number 81001852
020 ## - INTERNATIONAL STANDARD BOOK NUMBER
International Standard Book Number 0316291102 :
Terms of availability {dollar}16.95
020 ## - INTERNATIONAL STANDARD BOOK NUMBER
International Standard Book Number 9780316291101 :
Terms of availability {dollar}16.95
040 ## - CATALOGING SOURCE
Original cataloging agency DLC
Transcribing agency DLC
Modifying agency DLC
043 ## - GEOGRAPHIC AREA CODE
Geographic area code n-us---
050 00 - LIBRARY OF CONGRESS CALL NUMBER
Classification number QH76
Item number .F69
082 00 - DEWEY DECIMAL CLASSIFICATION NUMBER
Classification number 333.95/0973
Edition information 19
001 - CONTROL NUMBER
control field data
100 1# - MAIN ENTRY--PERSONAL NAME
Personal name Fox, Stephen R.
245 10 - TITLE STATEMENT
Title John Muir and his legacy :
Remainder of title the American conservation movement /
Statement of responsibility, etc. Stephen R. Fox.
250 ## - EDITION STATEMENT
Edition statement 1st ed.
260 ## - PUBLICATION, DISTRIBUTION, ETC.
Place of publication, distribution, etc. Boston :
Name of publisher, distributor, etc. Little, Brown,
Date of publication, distribution, etc. c1981.
300 ## - PHYSICAL DESCRIPTION
Extent xii, 436 p. :
Other physical details ill. ;
Dimensions 24 cm.
504 ## - BIBLIOGRAPHY, ETC. NOTE
Bibliography, etc. note Includes bibliographical references and index.
600 10 - SUBJECT ADDED ENTRY--PERSONAL NAME
Personal name Muir, John,
Dates associated with a name 1838-1914.
650 #0 - SUBJECT ADDED ENTRY--TOPICAL TERM
Topical term or geographic name entry element Nature conservation
Geographic subdivision United States
General subdivision History.
650 #0 - SUBJECT ADDED ENTRY--TOPICAL TERM
Topical term or geographic name entry element Conservationists
Geographic subdivision United States
General subdivision Biography.
650 #0 - SUBJECT ADDED ENTRY--TOPICAL TERM
Topical term or geographic name entry element Naturalists
Geographic subdivision United States
General subdivision Biography.
Holdings
Withdrawn status Lost status Damaged status Not for loan Home library Current library Shelving location Date acquired Total checkouts Full call number Barcode Date last seen Price effective from Koha item type
        Riverside Riverside General stacks 22/03/2026   333.95/0973 19 BC0011310 22/03/2026 22/03/2026 Books